[Event "Yerevan Margaryan Memorial"]
[Site "Yerevan"]
[Date "2016.01.08"]
[Round "1"]
[White "Petrosyan, Tigran S"]
[Black "Kotanjian, Tigran"]
[Result "1-0"]
[WhiteElo "2461"]
[BlackElo "2489"]
[PlyCount "152"]
[EventDate "2016.01.08"]
[EventType "tourn"]
[EventRounds "9"]
[EventCountry "ARM"]
[EventCategory "9"]
[SourceTitle "CBM 170 Extra"]
[Source "ChessBase"]
[SourceDate "2016.02.25"]
[SourceVersion "1"]
[SourceVersionDate "2016.02.25"]
[SourceQuality "1"]

1. Nf3 c5 2. c4 Nc6 3. d4 cxd4 4. Nxd4 Nf6 5. Nc3 e6 6. g3 Qb6 7. Nb3 Ne5 8. e4
Bb4 9. Qe2 d6 10. Bd2 Bd7 11. f4 Ng6 12. Bg2 Bc6 13. O-O-O a5 14. Nd5 Bxd5 15.
exd5 e5 16. Be3 Qa6 17. a3 a4 18. Nd2 Bxd2+ 19. Rxd2 O-O 20. f5 Ne7 21. Qd3
Rac8 22. Rc2 Rfe8 23. Kb1 e4 24. Bxe4 Nxe4 25. Qxe4 Nc6 26. Qh4 Ne5 27. Rhc1 f6
28. Qd4 Re7 29. Bf4 Nd7 30. Qg1 Re4 31. Qf1 Nb6 32. Bxd6 Rexc4 33. Rxc4 Rxc4
34. Rd1 Qb5 35. Qe1 h6 36. Bb4 Rc8 37. Qe6+ Kh7 38. d6 Nd7 39. Qd5 Qe2 40. Qd2
Qg4 41. Qd5 Ne5 42. Bc3 Qxf5+ 43. Ka1 Qc2 44. Bxe5 fxe5 45. d7 Rd8 46. Rd2 Qf5
47. Ka2 b6 48. Rd1 h5 49. Qb5 Qf7+ 50. Ka1 Qb3 51. Qxb3 axb3 52. Rd6 b5 53. Kb1
Kg8 54. Kc1 Kf7 55. Kd2 Ke7 56. Rd3 Ke6 57. Kc3 e4 58. Rd1 Ke5 59. Kxb3 e3 60.
Kc3 g5 61. Kd3 Rxd7+ 62. Ke2 Rf7 63. Kxe3 g4 64. Rd3 Rc7 65. Rb3 Rc5 66. Rb4
Kd6 67. Rd4+ Kc6 68. Rd2 Rf5 69. Rf2 Rd5 70. Ke4 Rd8 71. Rf6+ Kc5 72. Rf5+ Kc4
73. b3+ Kxb3 74. Rxb5+ Kxa3 75. Rxh5 Rf8 76. Rf5 Rh8 1-0

[Event "Yerevan Margaryan Memorial"]
[Site "Yerevan"]
[Date "2016.01.09"]
[Round "2"]
[White "Harutjunyan, Gevorg"]
[Black "Petrosyan, Tigran S"]
[Result "1/2-1/2"]
[WhiteElo "2436"]
[BlackElo "2461"]
[PlyCount "80"]
[EventDate "2016.01.08"]
[EventType "tourn"]
[EventRounds "9"]
[EventCountry "ARM"]
[EventCategory "9"]
[SourceTitle "CBM 170 Extra"]
[Source "ChessBase"]
[SourceDate "2016.02.25"]
[SourceVersion "1"]
[SourceVersionDate "2016.02.25"]
[SourceQuality "1"]

1. e4 e5 2. Nf3 Nc6 3. d4 exd4 4. Nxd4 Bc5 5. Nxc6 Qf6 6. Qf3 bxc6 7. Nd2 d6 8.
Nb3 Bb6 9. a4 a5 10. Bd2 Qxf3 11. gxf3 Ne7 12. Be3 Bxe3 13. fxe3 f5 14. Rg1 g6
15. exf5 Nxf5 16. e4 Nh4 17. Be2 Rf8 18. Rg3 Bd7 19. Kd2 h6 20. Rf1 c5 21. Bb5
Bxb5 22. axb5 a4 23. Nc1 Rb8 24. c4 c6 25. bxc6 Rxb2+ 26. Kc3 Rb6 27. Nd3 Rxc6
28. f4 Ra6 29. Ra1 Kf7 30. e5 Nf5 31. Rg2 Rb8 32. Ra3 Re8 33. Rga2 Rea8 34. Rg2
dxe5 35. fxe5 Ra5 36. Rb2 R8a7 37. Rb5 Nd4 38. Rxc5 Rxc5 39. Nxc5 Nc6 40. e6+
Ke7 1/2-1/2

[Event "Yerevan Margaryan Memorial"]
[Site "Yerevan"]
[Date "2016.01.10"]
[Round "3"]
[White "Petrosyan, Tigran S"]
[Black "Tabatabaei, Mohammad Amin"]
[Result "1/2-1/2"]
[WhiteElo "2461"]
[BlackElo "2470"]
[PlyCount "96"]
[EventDate "2016.01.08"]
[EventType "tourn"]
[EventRounds "9"]
[EventCountry "ARM"]
[EventCategory "9"]
[SourceTitle "CBM 170 Extra"]
[Source "ChessBase"]
[SourceDate "2016.02.25"]
[SourceVersion "1"]
[SourceVersionDate "2016.02.25"]
[SourceQuality "1"]

1. Nf3 Nf6 2. c4 c5 3. Nc3 Nc6 4. d4 cxd4 5. Nxd4 e6 6. a3 Be7 7. e4 O-O 8. Nf3
Qc7 9. Be2 b6 10. Bg5 Bb7 11. Rc1 Ne5 12. Nd2 Ng6 13. Be3 Bc5 14. Bxc5 Qxc5 15.
O-O Rac8 16. g3 Rfd8 17. Re1 Qf8 18. Bf1 h5 19. Qa4 Bc6 20. Qb4 h4 21. Qxf8+
Kxf8 22. f4 hxg3 23. hxg3 e5 24. f5 Ne7 25. Be2 g6 26. g4 Nh7 27. Nf3 f6 28.
Kf2 Kg7 29. Red1 Rh8 30. b4 Rcd8 31. Nd5 Nxd5 32. cxd5 Ba4 33. Rh1 Rc8 34. Bd3
Ng5 35. Nxg5 fxg5 36. Rxh8 Rxc1 37. Ra8 Rc7 38. Ke2 gxf5 39. gxf5 g4 40. d6 Rc3
41. Rxa7 g3 42. Rxa4 Rxd3 43. Ra8 Rxd6 44. Kf3 Rd3+ 45. Kg2 b5 46. Ra5 Kf6 47.
Rxb5 Rxa3 48. Rd5 Re3 1/2-1/2

[Event "Yerevan Margaryan Memorial"]
[Site "Yerevan"]
[Date "2016.01.11"]
[Round "4"]
[White "Chigaev, Maksim"]
[Black "Petrosyan, Tigran S"]
[Result "1-0"]
[WhiteElo "2526"]
[BlackElo "2461"]
[PlyCount "57"]
[EventDate "2016.01.08"]
[EventType "tourn"]
[EventRounds "9"]
[EventCountry "ARM"]
[EventCategory "9"]
[SourceTitle "CBM 170 Extra"]
[Source "ChessBase"]
[SourceDate "2016.02.25"]
[SourceVersion "1"]
[SourceVersionDate "2016.02.25"]
[SourceQuality "1"]

1. d4 d5 2. Bg5 h6 3. Bh4 c6 4. e3 Qb6 5. b3 e5 6. Nf3 e4 7. Nfd2 Be7 8. Bg3 h5
9. h3 h4 10. Bh2 Be6 11. c4 Qd8 12. Nc3 Bd6 13. Bxd6 Qxd6 14. Be2 Ne7 15. O-O
a6 16. Qe1 Rh6 17. f3 Bxh3 18. fxe4 Rg6 19. Rf2 Qg3 20. Bf3 Bg4 21. Ne2 Qd6 22.
Nf4 Rg5 23. exd5 cxd5 24. Bxd5 Nxd5 25. Ne4 Qe7 26. Nxg5 Nxf4 27. exf4 Qxe1+
28. Rxe1+ Kf8 29. f5 1-0

[Event "Yerevan Margaryan Memorial"]
[Site "Yerevan"]
[Date "2016.01.12"]
[Round "5"]
[White "Petrosyan, Tigran S"]
[Black "Harutyunian, Tigran K"]
[Result "1-0"]
[WhiteElo "2461"]
[BlackElo "2448"]
[PlyCount "111"]
[EventDate "2016.01.08"]
[EventType "tourn"]
[EventRounds "9"]
[EventCountry "ARM"]
[EventCategory "9"]
[SourceTitle "CBM 170 Extra"]
[Source "ChessBase"]
[SourceDate "2016.02.25"]
[SourceVersion "1"]
[SourceVersionDate "2016.02.25"]
[SourceQuality "1"]

1. e4 e5 2. Nf3 Nc6 3. d4 exd4 4. Nxd4 Bc5 5. Nxc6 Qf6 6. Qf3 bxc6 7. Nd2 d6 8.
Nb3 Bb6 9. Bd2 Qxf3 10. gxf3 Ne7 11. Rg1 O-O 12. a4 a5 13. Be3 Bxe3 14. fxe3 c5
15. O-O-O Bb7 16. Bb5 Bc6 17. e5 Rfd8 18. exd6 cxd6 19. Bxc6 Nxc6 20. Nd2 d5
21. Nb3 c4 22. Nd4 Nb4 23. Nb5 Rab8 24. Nc3 Rd7 25. Rg4 Rdb7 26. Nxd5 Na2+ 27.
Kd2 Rxb2 28. Rxc4 h6 29. Rc5 Kh7 30. Ra1 f5 31. e4 fxe4 32. fxe4 Nb4 33. Nxb4
R2xb4 34. Ke3 Re8 35. c4 Rd8 36. e5 Rb3+ 37. Ke4 Rh3 38. Rg1 Rxh2 39. Rc7 Re2+
40. Kf5 Rf2+ 41. Ke6 Re8+ 42. Re7 Rxe7+ 43. Kxe7 Rc2 44. Rg4 h5 45. Rd4 g5 46.
e6 g4 47. Kd8 g3 48. e7 Re2 49. c5 g2 50. Rd1 h4 51. c6 h3 52. c7 h2 53. c8=Q
g1=Q 54. Qf5+ Kg7 55. Qf8+ Kh7 56. Qf7+ 1-0

[Event "Yerevan Margaryan Memorial"]
[Site "Yerevan"]
[Date "2016.01.14"]
[Round "7"]
[White "Shahinyan, David"]
[Black "Petrosyan, Tigran S"]
[Result "0-1"]
[WhiteElo "2443"]
[BlackElo "2461"]
[PlyCount "226"]
[EventDate "2016.01.08"]
[EventType "tourn"]
[EventRounds "9"]
[EventCountry "ARM"]
[EventCategory "9"]
[SourceTitle "CBM 170 Extra"]
[Source "ChessBase"]
[SourceDate "2016.02.25"]
[SourceVersion "1"]
[SourceVersionDate "2016.02.25"]
[SourceQuality "1"]

1. f4 Nf6 2. Nf3 g6 3. d3 d5 4. g3 Bg7 5. Bg2 O-O 6. O-O Nc6 7. Qe1 Re8 8. e4
dxe4 9. dxe4 e5 10. Nc3 Nd4 11. fxe5 Ng4 12. Nxd4 Qxd4+ 13. Kh1 c6 14. a3 Qxe5
15. h3 Qh5 16. Ne2 Nf6 17. g4 Qc5 18. Nc3 Nd5 19. Ne2 Qxc2 20. Qf2 f5 21. gxf5
gxf5 22. exd5 Rxe2 23. Qg3 Rxg2 24. Qxg2 Qxg2+ 25. Kxg2 cxd5 26. Rf2 Be6 27.
Bd2 d4 28. Rc1 Rd8 29. Kf1 Rd7 30. Bf4 d3 31. Rc7 Rxc7 32. Bxc7 Bd4 33. Rg2+
Kf7 34. Bf4 Bd5 35. Rg5 Be4 36. b3 Bf6 37. Rg1 Bb2 38. a4 Bd4 39. Rg3 Bf6 40.
Be3 Bh4 41. Rg1 Bf3 42. b4 a6 43. Bd2 Bd1 44. a5 Bf3 45. Rg5 Be2+ 46. Kg2 Bxg5
47. Bxg5 Ke6 48. Bd2 Kd5 49. h4 Kc4 50. Kf2 h5 51. Ke3 Kb3 52. Kf2 Kc2 53. Ke1
Bg4 54. Bf4 Bf3 55. Be3 Bc6 56. Bf4 Ba4 57. Be3 Bb3 58. Bf4 Bd5 59. Be3 Bf3 60.
Bf4 Bg4 61. Be3 Kc3 62. Bd2+ Kc4 63. Kf2 f4 64. Bxf4 Kxb4 65. Bd2+ Kb5 66. Ke3
Be2 67. Kd4 b6 68. axb6 Kxb6 69. Kc4 a5 70. Be3+ Kc6 71. Bd2 a4 72. Kb4 Bd1 73.
Kc3 Bc2 74. Bc1 Kd5 75. Bb2 Bb1 76. Ba3 Ke4 77. Bc5 Bc2 78. Kd2 Kd5 79. Ba3 Kc4
80. Bb2 Kb3 81. Be5 a3 82. Bf6 Ka2 83. Kc1 Ba4 84. Bg5 Kb3 85. Bf6 Bd7 86. Be5
Bf5 87. Bf6 Kc4 88. Kd2 Bd7 89. Bg7 Ba4 90. Bf6 Bc2 91. Bg7 Kd5 92. Ke3 Ke6 93.
Bf8 a2 94. Bg7 Kf5 95. Bb2 Kg4 96. Bf6 Kg3 97. Kd2 a1=Q 98. Bxa1 Kxh4 99. Ke3
Kg3 100. Be5+ Kg4 101. Bc3 h4 102. Bb4 Bb1 103. Ba5 h3 104. Bc7 Bc2 105. Bd6
Kf5 106. Bc7 Ke6 107. Bf4 Kd5 108. Bh2 Kc4 109. Bf4 Ba4 110. Be5 Bb5 111. Kf3
Kb3 112. Bf4 Kc2 113. Kg3 Bd7 0-1

[Event "Yerevan Margaryan Memorial"]
[Site "Yerevan"]
[Date "2016.01.15"]
[Round "8"]
[White "Petrosyan, Tigran S"]
[Black "Bortnyk, Olexandr"]
[Result "0-1"]
[WhiteElo "2461"]
[BlackElo "2552"]
[PlyCount "62"]
[EventDate "2016.01.08"]
[EventType "tourn"]
[EventRounds "9"]
[EventCountry "ARM"]
[EventCategory "9"]
[SourceTitle "CBM 170 Extra"]
[Source "ChessBase"]
[SourceDate "2016.02.25"]
[SourceVersion "1"]
[SourceVersionDate "2016.02.25"]
[SourceQuality "1"]

1. Nf3 Nf6 2. c4 b6 3. g3 Bb7 4. Bg2 g6 5. O-O Bg7 6. Nc3 O-O 7. Re1 d6 8. e4
e5 9. d4 Nbd7 10. d5 a5 11. b3 Nc5 12. Rb1 c6 13. a3 cxd5 14. cxd5 Ba6 15. Bf1
Bxf1 16. Kxf1 Qd7 17. Kg2 Rfc8 18. a4 Ne8 19. Ba3 f5 20. Re2 Bh6 21. Nd2 Bxd2
22. Qxd2 Nxe4 23. Nxe4 fxe4 24. Rxe4 b5 25. Rbe1 Nf6 26. R4e2 bxa4 27. bxa4 Rc4
28. Qg5 Nxd5 29. Rd2 Rg4 30. Qxg4 Qxg4 31. Rxd5 Rf8 0-1

[Event "Yerevan Margaryan Memorial"]
[Site "Yerevan"]
[Date "2016.01.16"]
[Round "9"]
[White "Paravyan, David"]
[Black "Petrosyan, Tigran S"]
[Result "1-0"]
[WhiteElo "2509"]
[BlackElo "2461"]
[PlyCount "95"]
[EventDate "2016.01.08"]
[EventType "tourn"]
[EventRounds "9"]
[EventCountry "ARM"]
[EventCategory "9"]
[SourceTitle "CBM 170 Extra"]
[Source "ChessBase"]
[SourceDate "2016.02.25"]
[SourceVersion "1"]
[SourceVersionDate "2016.02.25"]
[SourceQuality "1"]

1. c4 e6 2. Nc3 d5 3. d4 Be7 4. Bf4 Nf6 5. e3 O-O 6. a3 b6 7. Nf3 Bb7 8. cxd5
exd5 9. b4 Nbd7 10. Bd3 c5 11. bxc5 bxc5 12. O-O c4 13. Bc2 Qa5 14. Qd2 Nh5 15.
Bg5 Bxg5 16. Nxg5 Nhf6 17. f3 h6 18. Nh3 Ne8 19. e4 Nc7 20. a4 Rad8 21. Qe1
Rfe8 22. Nb5 Qb6 23. Nxc7 Qxc7 24. Qh4 Qb6 25. e5 Nxe5 26. Rab1 Qc7 27. Qg3 Re7
28. dxe5 d4 29. Bf5 d3 30. f4 Ba6 31. Nf2 d2 32. Qc3 g6 33. Bc2 Qc5 34. Kh1 Qd4
35. Ne4 Kg7 36. h3 Bb7 37. Qxd4 Rxd4 38. Nc3 Bc8 39. Nb5 Rd5 40. Nc3 Rd4 41.
Nb5 Rd5 42. Rfd1 Bf5 43. Bxf5 gxf5 44. Rb4 a6 45. Nc3 Rd4 46. Ne2 a5 47. Rb2
Re4 48. Rbxd2 1-0

[Event "ARM-ch rapid"]
[Site "Yerevan"]
[Date "2016.01.24"]
[Round "6"]
[White "Petrosyan, Tigran S"]
[Black "Alaverdyan, Gevorg"]
[Result "0-1"]
[WhiteElo "2469"]
[BlackElo "2354"]
[PlyCount "74"]
[EventDate "2016.01.24"]
[EventType "swiss (rapid)"]
[EventRounds "8"]
[EventCountry "ARM"]
[SourceTitle "CBM 170 Extra"]
[Source "ChessBase"]
[SourceDate "2016.02.25"]
[SourceVersion "1"]
[SourceVersionDate "2016.02.25"]
[SourceQuality "1"]

1. Nf3 Nf6 2. c4 g6 3. Nc3 Bg7 4. g3 O-O 5. Bg2 c6 6. O-O d5 7. cxd5 cxd5 8. d4
Nc6 9. Ne5 Bf5 10. Nxc6 bxc6 11. Be3 Ng4 12. Bf4 e5 13. dxe5 Nxe5 14. Rc1 Re8
15. b3 Qd7 16. Na4 Bh3 17. Nc5 Qc8 18. Bxe5 Rxe5 19. Nd3 Bxg2 20. Nxe5 Qh3 21.
Nxc6 Re8 22. f3 Bh6 23. f4 Bg7 24. Rf2 Be4 25. Nd4 h5 26. Nf3 Bf6 27. Rc6 Bd8
28. Qf1 Qd7 29. Qc1 Bb6 30. Rxb6 axb6 31. Nd4 Rc8 32. Qd2 Qg4 33. Nf3 Rc2 34.
Qd4 Qh3 35. Nd2 Rc1+ 36. Nf1 h4 37. Qe3 Rxf1+ 0-1

[Event "Kavala op 25th"]
[Site "Kavala"]
[Date "2016.07.31"]
[Round "3"]
[White "Petrosyan, Tigran S"]
[Black "Seretakis, Nikolas"]
[Result "1-0"]
[WhiteElo "2462"]
[BlackElo "2113"]
[PlyCount "105"]
[EventDate "2016.07.30"]
[EventType "swiss"]
[EventRounds "9"]
[EventCountry "GRE"]
[SourceTitle "CBM 173 Extra"]
[Source "ChessBase"]
[SourceDate "2016.08.29"]
[SourceVersion "1"]
[SourceVersionDate "2016.08.29"]
[SourceQuality "1"]

1. e4 c5 2. Nf3 Nc6 3. Bb5 e5 4. O-O Nge7 5. c3 g6 6. d4 cxd4 7. cxd4 exd4 8.
Nxd4 Bg7 9. Be3 O-O 10. Nc3 a6 11. Be2 d5 12. Nxc6 bxc6 13. Bd4 Rb8 14. Bxg7
Kxg7 15. Qd4+ f6 16. b3 Qd6 17. Rac1 Rb4 18. Qd2 Rd8 19. Rfd1 a5 20. exd5 cxd5
21. Nb5 Qb6 22. Nd4 a4 23. a3 Rxb3 24. Nxb3 axb3 25. Qb4 Qxb4 26. axb4 Be6 27.
Rb1 d4 28. Re1 Kf7 29. Bd1 Rb8 30. Bxb3 Bxb3 31. Rxb3 Rb5 32. Rc1 Nd5 33. Rc4
Nc3 34. Kf1 Rd5 35. g3 Ke6 36. Ke1 h5 37. Rc6+ Kf5 38. Kd2 Ne4+ 39. Ke2 g5 40.
f3 Nd6 41. Kd3 Nf7 42. f4 gxf4 43. gxf4 Rd7 44. Rc4 Kxf4 45. Rxd4+ Rxd4+ 46.
Kxd4 h4 47. b5 Kg4 48. b6 Nd8 49. h3+ Kf4 50. b7 Nc6+ 51. Kc5 Nb8 52. Kd6 f5
53. Ra3 1-0

[Event "Kavala op 25th"]
[Site "Kavala"]
[Date "2016.08.01"]
[Round "4"]
[White "Michelakos, Panagiotis"]
[Black "Petrosyan, Tigran S"]
[Result "1/2-1/2"]
[WhiteElo "2267"]
[BlackElo "2462"]
[PlyCount "98"]
[EventDate "2016.07.30"]
[EventType "swiss"]
[EventRounds "9"]
[EventCountry "GRE"]
[SourceTitle "CBM 173 Extra"]
[Source "ChessBase"]
[SourceDate "2016.08.29"]
[SourceVersion "1"]
[SourceVersionDate "2016.08.29"]
[SourceQuality "1"]

1. d4 d5 2. c4 c6 3. Nf3 Nf6 4. Nc3 dxc4 5. a4 Bf5 6. e3 e6 7. Bxc4 Bb4 8. O-O
O-O 9. Qb3 Qb6 10. Bd2 Nbd7 11. Rfc1 a5 12. Nh4 Rad8 13. Nxf5 exf5 14. Rd1 Qc7
15. Qc2 Nb6 16. Bb3 g6 17. Rac1 Rfe8 18. Na2 Bxd2 19. Qxd2 Nbd5 20. Nc3 Qb6 21.
Nxd5 Nxd5 22. Bc4 Re7 23. g3 h5 24. Bf1 Nf6 25. Bc4 Red7 26. Qc2 Kg7 27. Qb3
Qc7 28. d5 c5 29. Rd3 Ne4 30. Rcd1 b6 31. Bb5 Re7 32. Bc6 Nd6 33. Qc3+ f6 34.
h4 Nf7 35. Bb5 Rd6 36. Kg2 Re4 37. f3 Rb4 38. R3d2 Qe7 39. Re2 Rd8 40. Bc6 Nd6
41. Rde1 Rf8 42. Kf2 Rf7 43. Rd1 Qf8 44. Kg2 Re7 45. Ra1 Re5 46. Ra3 Nc8 47.
Rb3 Na7 48. Rxb4 axb4 49. Qd3 Qc8 1/2-1/2

[Event "Kavala op 25th"]
[Site "Kavala"]
[Date "2016.08.02"]
[Round "5"]
[White "Petrosyan, Tigran S"]
[Black "Tsaknakis, Zisis"]
[Result "1/2-1/2"]
[WhiteElo "2462"]
[BlackElo "2027"]
[PlyCount "108"]
[EventDate "2016.07.30"]
[EventType "swiss"]
[EventRounds "9"]
[EventCountry "GRE"]
[SourceTitle "CBM 173 Extra"]
[Source "ChessBase"]
[SourceDate "2016.08.29"]
[SourceVersion "1"]
[SourceVersionDate "2016.08.29"]
[SourceQuality "1"]

1. e4 c5 2. Nf3 d6 3. d4 cxd4 4. Nxd4 Nf6 5. Nc3 a6 6. h3 g6 7. g4 Bg7 8. Bg2
O-O 9. O-O Nc6 10. Nde2 h5 11. g5 Nd7 12. Be3 b5 13. f4 Bb7 14. f5 Nde5 15. b3
Re8 16. Nd5 Nd7 17. Nef4 Bxa1 18. Qxa1 Nf8 19. Bb6 Qd7 20. Nc7 Ne5 21. Nxe8
Qxe8 22. Bd4 Rc8 23. Rf2 Qd8 24. Qd1 h4 25. Nd3 Nxd3 26. cxd3 e5 27. fxe6 Nxe6
28. Bf6 Qb6 29. Qg4 Rc1+ 30. Bf1 Qe3 31. Qxh4 Ng7 32. Bxg7 Kxg7 33. Qf4 Qxf4
34. Rxf4 d5 35. exd5 Bxd5 36. Rf2 b4 37. Rd2 a5 38. Kf2 f6 39. gxf6+ Kxf6 40.
d4 Ke7 41. h4 Be4 42. Re2 Rc2 43. Ke3 Rxe2+ 44. Bxe2 Bb1 45. Kd2 Kd6 46. Bf3
Ke6 47. Kc1 Bd3 48. Kd2 Bb1 49. Bd1 Kd5 50. Ke3 Ke6 51. Kf4 Kd5 52. Ke3 Ke6 53.
Bg4+ Kd6 54. Bd1 Ke6 1/2-1/2

[Event "Yerevan op 1st"]
[Site "Yerevan"]
[Date "2016.10.02"]
[Round "1"]
[White "Javdan, Asmail"]
[Black "Petrosyan, Tigran S"]
[Result "0-1"]
[WhiteElo "1919"]
[BlackElo "2443"]
[PlyCount "84"]
[EventDate "2016.10.02"]
[EventType "swiss"]
[EventRounds "9"]
[EventCountry "ARM"]
[SourceTitle "EXT 2017"]
[Source "ChessBase"]
[SourceDate "2016.10.25"]
[SourceVersion "1"]
[SourceVersionDate "2016.10.25"]
[SourceQuality "1"]

1. Nf3 Nf6 2. g3 b5 3. Bg2 Bb7 4. O-O e6 5. d3 c5 6. c3 Be7 7. Nbd2 d5 8. Qc2
Nc6 9. e4 O-O 10. Re1 Rc8 11. Nf1 d4 12. Bg5 Nd7 13. Bxe7 Qxe7 14. Qe2 Rfd8 15.
Rad1 Nb6 16. e5 dxc3 17. bxc3 c4 18. dxc4 Nxc4 19. N1d2 N6a5 20. Nd4 Bxg2 21.
Kxg2 a6 22. f4 Nxd2 23. Qxd2 Qc5 24. Rc1 Nc6 25. Qf2 Nxd4 26. cxd4 Qxc1 27.
Rxc1 Rxc1 28. f5 Rd1 29. f6 R1xd4 30. Qe3 h6 31. fxg7 Kxg7 32. Qf3 R8d7 33. h4
b4 34. Qf6+ Kh7 35. Qf1 a5 36. Kh3 a4 37. g4 Rd3+ 38. Kg2 b3 39. axb3 axb3 40.
Kf2 b2 41. Qb1 Kg7 42. g5 Rd1 0-1

[Event "Yerevan op 1st"]
[Site "Yerevan"]
[Date "2016.10.03"]
[Round "2"]
[White "Petrosyan, Tigran S"]
[Black "Hakobyan, Hovhannes H"]
[Result "1/2-1/2"]
[WhiteElo "2443"]
[BlackElo "2125"]
[PlyCount "75"]
[EventDate "2016.10.02"]
[EventType "swiss"]
[EventRounds "9"]
[EventCountry "ARM"]
[SourceTitle "EXT 2017"]
[Source "ChessBase"]
[SourceDate "2016.10.25"]
[SourceVersion "1"]
[SourceVersionDate "2016.10.25"]
[SourceQuality "1"]

1. g3 Nf6 2. Bg2 g6 3. e4 d6 4. d4 Bg7 5. Ne2 O-O 6. O-O e5 7. Nbc3 exd4 8.
Nxd4 Nbd7 9. Re1 Re8 10. h3 c6 11. Be3 Nb6 12. Qd3 d5 13. exd5 Nfxd5 14. Nxd5
Nxd5 15. Bd2 Bd7 16. Rxe8+ Qxe8 17. Re1 Qf8 18. Bxd5 cxd5 19. h4 Re8 20. Re3
Qd6 21. Rxe8+ Bxe8 22. Qe3 Bd7 23. Bc3 Qe5 24. Qxe5 Bxe5 25. Ne2 Bb5 26. Bxe5
Bxe2 27. f4 Kf8 28. Kf2 Bd1 29. c3 Ke7 30. f5 gxf5 31. Ke3 Kd7 32. Kd4 Kc6 33.
Bh8 a5 34. Ke5 a4 35. Kf6 h5 36. Kxf5 b5 37. Be5 Be2 38. Bd4 1/2-1/2

[Event "Yerevan op 1st"]
[Site "Yerevan"]
[Date "2016.10.04"]
[Round "3"]
[White "Hovsepyan, David"]
[Black "Petrosyan, Tigran S"]
[Result "0-1"]
[WhiteElo "2091"]
[BlackElo "2443"]
[PlyCount "68"]
[EventDate "2016.10.02"]
[EventType "swiss"]
[EventRounds "9"]
[EventCountry "ARM"]
[SourceTitle "EXT 2017"]
[Source "ChessBase"]
[SourceDate "2016.10.25"]
[SourceVersion "1"]
[SourceVersionDate "2016.10.25"]
[SourceQuality "1"]

1. d4 Nf6 2. c4 e6 3. Nc3 Bb4 4. Qc2 O-O 5. Nf3 d6 6. Bd2 Nbd7 7. a3 Bxc3 8.
Bxc3 Qe7 9. e3 e5 10. dxe5 dxe5 11. Be2 e4 12. Nd2 a5 13. O-O a4 14. Bb4 c5 15.
Bc3 Re8 16. Rfb1 Ra6 17. b3 axb3 18. Rxb3 h5 19. Rb5 h4 20. a4 h3 21. g3 Nh7
22. Rab1 Ng5 23. Nb3 b6 24. Qb2 f6 25. a5 bxa5 26. Qa3 a4 27. Nxc5 Ne6 28. Bb4
Nexc5 29. Bxc5 Nxc5 30. Qxc5 Qxc5 31. Rxc5 a3 32. Ra1 Be6 33. Rb5 Rd8 34. Kf1
Rd2 0-1

[Event "Yerevan op 1st"]
[Site "Yerevan"]
[Date "2016.10.05"]
[Round "4"]
[White "Petrosyan, Tigran S"]
[Black "Demchenko, Anton"]
[Result "1/2-1/2"]
[WhiteElo "2443"]
[BlackElo "2629"]
[PlyCount "126"]
[EventDate "2016.10.02"]
[EventType "swiss"]
[EventRounds "9"]
[EventCountry "ARM"]
[SourceTitle "EXT 2017"]
[Source "ChessBase"]
[SourceDate "2016.10.25"]
[SourceVersion "1"]
[SourceVersionDate "2016.10.25"]
[SourceQuality "1"]

1. Nf3 Nf6 2. c4 g6 3. d4 Bg7 4. g3 O-O 5. Bg2 d6 6. O-O Nbd7 7. Nc3 e5 8. e4
exd4 9. Nxd4 Re8 10. h3 Nc5 11. Re1 Bd7 12. Rb1 h6 13. Kh2 a5 14. b3 h5 15. f3
a4 16. b4 Ne6 17. Be3 h4 18. g4 Nxd4 19. Bxd4 g5 20. Qd2 Be6 21. Nd5 Nh7 22.
Bxg7 Kxg7 23. Qd4+ Kg8 24. Ne3 a3 25. Rf1 Qf6 26. Qxf6 Nxf6 27. Rfc1 Nd7 28.
Bf1 Ne5 29. Kg2 c6 30. Rc3 Red8 31. Kf2 Ra4 32. Be2 Ng6 33. Bd1 Raa8 34. Bb3
Kg7 35. Ng2 Kf6 36. Rd1 Ke7 37. Ke3 Ra6 38. f4 gxf4+ 39. Nxf4 Nxf4 40. Kxf4 Rb6
41. c5 Rxb4 42. cxd6+ Rxd6 43. Rxd6 Kxd6 44. Bxe6 Kxe6 45. Rxa3 f6 46. Ra8 Rb2
47. Re8+ Kf7 48. Rb8 b5 49. a4 b4 50. a5 c5 51. Rc8 Rf2+ 52. Ke3 Rh2 53. Rxc5
Rxh3+ 54. Kf4 Rh1 55. Kf3 Rh3+ 56. Kf4 Rc3 57. Rb5 Ra3 58. Rxb4 Rxa5 59. Rb3
Ra8 60. Rh3 Rh8 61. g5 fxg5+ 62. Kxg5 Ke6 63. Rxh4 Rxh4 1/2-1/2

[Event "Yerevan op 1st"]
[Site "Yerevan"]
[Date "2016.10.06"]
[Round "5"]
[White "Hovhannisyan, Karen G"]
[Black "Petrosyan, Tigran S"]
[Result "1/2-1/2"]
[WhiteElo "2251"]
[BlackElo "2443"]
[PlyCount "163"]
[EventDate "2016.10.02"]
[EventType "swiss"]
[EventRounds "9"]
[EventCountry "ARM"]
[SourceTitle "EXT 2017"]
[Source "ChessBase"]
[SourceDate "2016.10.25"]
[SourceVersion "1"]
[SourceVersionDate "2016.10.25"]
[SourceQuality "1"]

1. d4 Nf6 2. Bf4 g6 3. e3 Bg7 4. Nf3 d6 5. h3 O-O 6. Be2 c5 7. O-O b6 8. c3 Bb7
9. Nbd2 Nbd7 10. a4 a6 11. Bh2 Rc8 12. Bd3 d5 13. Qe2 c4 14. Bc2 b5 15. e4 dxe4
16. Nxe4 Nd5 17. axb5 axb5 18. Ne5 Nxe5 19. dxe5 Qb6 20. h4 Nc7 21. Ng5 h6 22.
Ne4 Ne6 23. h5 g5 24. Kh1 Nf4 25. Bxf4 gxf4 26. Qg4 Qe6 27. Qxe6 fxe6 28. Rfd1
Rc7 29. Ra5 Bc6 30. Nd2 Bxe5 31. Re1 Bf6 32. Rxe6 Rd8 33. Be4 Rxd2 34. Rxc6
Rxc6 35. Bxc6 Rxb2 36. Bxb5 Rxf2 37. Bxc4+ Kg7 38. Ra8 Bg5 39. Bd5 Rc2 40. Rg8+
Kf6 41. c4 Kf5 42. Kh2 e6 43. Rf8+ Bf6 44. Bf3 Rxc4 45. g3 Ke5 46. gxf4+ Rxf4
47. Kg2 Rb4 48. Re8 Bg5 49. Be2 Kd6 50. Rc8 e5 51. Rc3 Rb2 52. Kf1 e4 53. Rc4
Ke5 54. Ra4 Be3 55. Bc4 Rf2+ 56. Ke1 Rh2 57. Bf7 Bd4 58. Bg6 e3 59. Rc4 Bb6 60.
Re4+ Kd5 61. Kd1 Bd4 62. Re8 Be5 63. Rd8+ Bd6 64. Re8 Rd2+ 65. Ke1 Bg3+ 66. Kf1
Rf2+ 67. Ke1 Rb2+ 68. Kf1 Be5 69. Rd8+ Ke6 70. Bd3 Rf2+ 71. Kg1 Bh2+ 72. Kh1
Bd6 73. Rg8 Kd5 74. Rg2 Rf4 75. Be2 Rb4 76. Rg4 Rb2 77. Bf3+ Ke5 78. Re4+ Kf5
79. Rxe3 Kf4 80. Re2 Rb3 81. Kg2 Rd3 82. Rf2 1/2-1/2

[Event "Yerevan op 1st"]
[Site "Yerevan"]
[Date "2016.10.07"]
[Round "6"]
[White "Petrosyan, Tigran S"]
[Black "Hayrapetyan, Artavazd R"]
[Result "1-0"]
[WhiteElo "2443"]
[BlackElo "2258"]
[PlyCount "101"]
[EventDate "2016.10.02"]
[EventType "swiss"]
[EventRounds "9"]
[EventCountry "ARM"]
[SourceTitle "EXT 2017"]
[Source "ChessBase"]
[SourceDate "2016.10.25"]
[SourceVersion "1"]
[SourceVersionDate "2016.10.25"]
[SourceQuality "1"]

1. Nf3 Nf6 2. c4 c5 3. Nc3 Nc6 4. d4 cxd4 5. Nxd4 Qb6 6. Nb3 e6 7. g3 Ne5 8. e4
Bb4 9. Qe2 d6 10. Bd2 Bd7 11. f4 Ng6 12. O-O-O O-O 13. Bg2 Rfc8 14. Kb1 a5 15.
e5 Ne8 16. Ne4 Bxd2 17. Rxd2 a4 18. Nc1 Bc6 19. Nxd6 Nxd6 20. Rxd6 Ne7 21. Bxc6
Rxc6 22. Rhd1 Nf5 23. Rd7 g6 24. Qd3 Kg7 25. Ne2 Rac8 26. Rc1 Ne3 27. Rd6 Nf5
28. c5 Qa5 29. Rxc6 bxc6 30. g4 Rd8 31. Qc3 Qa6 32. Qc4 Qxc4 33. Rxc4 Ne3 34.
Rd4 Ra8 35. h3 Ra5 36. Nc3 Rxc5 37. Rxa4 g5 38. fxg5 Rxe5 39. Re4 Rxe4 40. Nxe4
h6 41. gxh6+ Kxh6 42. a4 f5 43. Nc5 f4 44. Ne4 f3 45. a5 Nc4 46. a6 Nd6 47. Nd2
f2 48. a7 Nc4 49. Nf1 Nb6 50. Kc2 Kg5 51. Kd3 1-0